000 00906cam a22002897a 4500
003 CHAP
005 20220329140522.0
008 971013s1981 us a r 00010 eng d
010 _a53227
011 _a54199
035 _a58350
040 _cCHAP
082 0 4 _a578.15
_bW4 1981
100 0 0 _aWeakley, Brenda S.
_9121247
245 1 2 _aA beginner's handbook in biological transmission electron microscopy
250 _a2 ed.
260 _aEdinburgh :
_bChurchill Livingstone,
_c1981
300 _a252 p.
_b: ilus.
590 _aBATCH-UPD
_b10
_c20130110
_lUCH01
_h0833
590 _aBATCH-UPD
_b10
_c20130410
_lUCH01
_h0511
590 _aBATCH-UPD
_b10
_c20130914
_lUCH01
_h1817
590 _aCONVERSION
_b10
_c20130109
_lUCH01
_h1329
650 1 4 _aMicroscopio electrónico.
_975535
901 _aBK
942 _cLIBRO
949 _a578.15 W4 1981
_bBC
_cLIBRO
_d33724000424214
_eLIBRO
_h55785
_i58350
_si
_t756.00
999 _c53227
_d53227